|
|
|
|
| LEADER |
00000cam a2200000 7i4500 |
| 001 |
0000000481 |
| 005 |
20140411.0 |
| 020 |
0 |
0 |
|a 968993313X
|
| 090 |
0 |
0 |
|a 354.595
|b AHM 1992
|
| 100 |
0 |
0 |
|a AHMAD Sarji bin Abdul Hamid
|f Tan Sri Dato' Seri
|c 1938-
|
| 245 |
1 |
0 |
|a Kemajuan pentadbiran awam di Malaysia .
|l Development of public administration in Malaysia :
|b selected speeches of Tan Sri Dato' Seri Ahmad Sarji bin Abdul Hamid, Chief Secretary to the Government, Malaysia
|
| 260 |
0 |
0 |
|a Kuala Lumpur :
|b Institut Tadbiran Awam Negara (INTAN) ,
|c 1992
|
| 300 |
|
|
|a xiii, 507 p. ;
|c 22 cm.
|
| 500 |
0 |
0 |
|a Bahasa Malaysia and English texts
|
| 650 |
0 |
0 |
|a Civil service
|z Malaysia
|
| 650 |
0 |
0 |
|a Public administration
|z Malaysia
|
| 651 |
0 |
0 |
|a Malaysia
|x Economic policy
|
| 710 |
1 |
1 |
|a Institut Tadbiran Awam Negara (INTAN)
|
| 745 |
0 |
0 |
|a Kemajuan pentadbiran awam di Malaysia: koleksi ucapan-ucapan dalam tahun 1991
|
| 998 |
|
|
|a JPSM
|
| 999 |
|
|
|a 0000000139
|b Monograph
|c Open Shelf
|e Default branch
|
| 999 |
|
|
|a 0000001605
|b Monograph
|c Open Shelf
|e Default branch
|